Music Quiz

Random Music or Computer Quiz

Most-Followed Artists on Spotify Quiz Stats

 Plays Quiz Updated Jul 11, 2019

Score 0/24 Timer 05:00
7 Plays Today
% Correct
Justin Bieber
94.5%
Drake
94%
Ed Sheeran
92.3%
Bruno Mars
91.6%
Rihanna
90.9%
Adele
88.8%
Taylor Swift
85.7%
Eminem
85.7%
Ariana Grande
80.6%
Beyoncé
79.6%
Selena Gomez
79.3%
Nicki Minaj
75.1%
% Correct
Shakira
70.4%
Queen
68.2%
Maroon 5
59.4%
Shawn Mendes
59.2%
The Weeknd
45.6%
Post Malone
40.7%
Calvin Harris
39.7%
Imagine Dragons
36.6%
David Guetta
29.8%
Coldplay
29.7%
Maluma
7.7%
Ozuna
4.5%

You're not logged in!

Compare scores with friends on all Sporcle quizzes.
OR
Log In

Sporcle TV

Today on Sporcle TV


Watch our educational content, quiz creation guides, and fun videos on Sporcle TV.

Show Comments

Extras

Top Quizzes Today


Score Distribution

Your Account Isn't Verified!

In order to create a playlist on Sporcle, you need to verify the email address you used during registration. Go to your Sporcle Settings to finish the process.

Report this User

Report this user for behavior that violates our Community Guidelines.

Details: